Bibliografía de la imprenta en Santiago de Chile desde sus orígenes hasta febrero de 1817. Por J. T. Medina. Miembro correspondiente de las Reales Academias de la Lengua y de la Historia
Saved in:
| 格式: | 圖書 |
|---|---|
| 語言: | 西班牙语 |
| 出版: |
Santiago
Impreso en casa del Autor
1891
|
| 版: | 1a. ed |
| 主題: | |
| 標簽: |
添加標簽
沒有標簽, 成為第一個標記此記錄!
|
MARC
| LEADER | 00000nam a2200000 a 4500 | ||
|---|---|---|---|
| 001 | UCJ6085 | ||
| 003 | CL-VaPUC | ||
| 005 | 20240430122406.0 | ||
| 008 | 070124e18911128CL |||||||||||||||||spa|d | ||
| 999 | |c 322193 |d 322191 | ||
| 040 | |c Pontificia Universidad Católica de Valparaíso | ||
| 082 | 0 | 4 | |a 983 |b MED |2 21 |
| 245 | 1 | 0 | |a Bibliografía de la imprenta en Santiago de Chile desde sus orígenes hasta febrero de 1817. Por J. T. Medina. Miembro correspondiente de las Reales Academias de la Lengua y de la Historia |
| 250 | |a 1a. ed | ||
| 260 | |a Santiago |b Impreso en casa del Autor |c 1891 | ||
| 300 | |a xli, 179 | ||
| 500 | |a Folio.- Anteport.: La imprenta en Santiago.- v.: (entre filetes) Tirada de trescientos ejemplares.- Port. a dos tintas.- v. en bl.- XLI+una+179 + tres págs. Un retrato de Camilo Henríquez.- Dedicatoria a Don José Manuel Frontaura y a Don Aníbal Echeverría y Reyes.- Una lámina y doce facsímiles.- Colofón.- Advierte errata.- Chiappa-Feliú Cruz, N§ 53 | ||
| 583 | |a last modification |c 20070124 00:00:00 |k Rodrigo Vera | ||
| 600 | 0 | |a Henríquez, Camilo |9 337912 | |
| 600 | 0 | 7 | |a AURORA DE CHILE |2 CL-VaPUC |9 505930 |
| 650 | 7 | |a BIBLIOGRAFIA |2 CL-VaPUC |9 256175 | |
| 650 | 0 | |a Imprenta |9 265883 | |
| 650 | 0 | |a Iconografía |9 267998 | |
| 651 | 7 | |a CHILE |2 CL-VaPUC |9 512302 | |
| 942 | |c BK |2 ddc | ||
| 945 | |d 20070124 00:00:00 |a rinostro | ||
| 952 | |0 0 |1 0 |4 0 |6 983_000000000000000_MED_1891 |7 0 |8 X |9 401125 |a FDOBUD |b FDOBUD |d 2019-11-22 |i 100414K |o 983 MED 1891 |p 100414K |r 2019-11-22 |w 2019-11-22 |y BK_X |k BUD | ||